000 00265nam a22001217a 4500
008 170227b xxu||||| |||| 00| 0 eng d
041 _aeng
080 _a61
100 _a4
101 _aSHM
245 _aTEXTBOOK OF BRONCHOSCOPY
_cFEINSILVER, S.H
942 _2udc
_cBK
999 _c6268
_d6268